ბათუმის შოთა რუსთაველის სახელმწიფო უნივერსიტეტის ბიბლიოთეკა

ცხოვრების გზაწვრილებით (ბიბ.ჩანაწერი № 50171)

000 -LEADER
fixed length control field 00931nam a2200241Ia 4500
001 - CONTROL NUMBER
control field 17109
003 - CONTROL NUMBER IDENTIFIER
control field GE_BSU
008 - FIXED-LENGTH DATA ELEMENTS--GENERAL INFORMATION
fixed length control field 181216s||||||||xx |||||||||||||| ||und||
020 ## - INTERNATIONAL STANDARD BOOK NUMBER
International Standard Book Number 99928-43-02-0
040 ## - CATALOGING SOURCE
Transcribing agency GE_BSU
080 ## - UNIVERSAL DECIMAL CLASSIFICATION NUMBER
Universal Decimal Classification number 821.353.1-94
100 ## - MAIN ENTRY--PERSONAL NAME
Personal name ახვლედიანი, ვახტანგ
245 ## - TITLE STATEMENT
Title ცხოვრების გზაწვრილებით
245 ## - TITLE STATEMENT
Remainder of title ავტობიოგრ. ჩანაწერები
245 ## - TITLE STATEMENT
Statement of responsibility, etc. რედ.: ზეინაბ ახვლედიანი, ომარ მეგრელიშვილი ; მხატვ. ავტ.
260 ## - PUBLICATION, DISTRIBUTION, ETC.
Place of publication, distribution, etc. ბათუმი
260 ## - PUBLICATION, DISTRIBUTION, ETC.
Name of publisher, distributor, etc. ალიონი
260 ## - PUBLICATION, DISTRIBUTION, ETC.
Date of publication, distribution, etc. 2000
300 ## - PHYSICAL DESCRIPTION
Extent 116გვ. : ნახ. ; 17სმ
653 ## - INDEX TERM--UNCONTROLLED
Uncontrolled term ავტობიოგრ. ჩანაწერები
653 ## - INDEX TERM--UNCONTROLLED
Uncontrolled term ცხოვრების გზაწვრილებით
942 ## - ADDED ENTRY ELEMENTS (KOHA)
Koha item type წიგნი
ეგზემპლარები
Withdrawn status Lost status Damaged status Not for loan Date acquired Barcode Date last seen Price effective from Koha item type
        2018-12-17 21664 2018-12-17 2018-12-17 წიგნი